<?xml version="1.0" encoding="UTF-8"?>
<collection xmlns:xsi="http://www.w3.org/2001/XMLSchema-instance" xsi:schemaLocation="http://www.loc.gov/MARC21/slim http://www.loc.gov/standards/marcxml/schema/MARC21slim.xsd" xmlns="http://www.loc.gov/MARC21/slim">
 <record>
  <leader>00000ctm a22000003a 4500</leader>
  <controlfield tag="001">UP-8027390931313965102</controlfield>
  <controlfield tag="003">Buklod</controlfield>
  <controlfield tag="005">20161019105356.0</controlfield>
  <controlfield tag="006">m    |o  d |      </controlfield>
  <controlfield tag="007">ta</controlfield>
  <controlfield tag="008">161019s        xx     d     r    |||| u|</controlfield>
  <datafield tag="035" ind1=" " ind2=" ">
   <subfield code="a">(iLib)UPVIS-00043722839</subfield>
  </datafield>
  <datafield tag="037" ind1=" " ind2=" ">
   <subfield code="a">Gift 9/5/16</subfield>
  </datafield>
  <datafield tag="040" ind1=" " ind2=" ">
   <subfield code="a">VML/ess 10/19/16</subfield>
  </datafield>
  <datafield tag="041" ind1=" " ind2=" ">
   <subfield code="a">eng</subfield>
  </datafield>
  <datafield tag="090" ind1=" " ind2="0">
   <subfield code="a">LG 993.5 2014 C6 B37</subfield>
  </datafield>
  <datafield tag="100" ind1="0" ind2=" ">
   <subfield code="a">Bastian, Liezal Margie Lou S.</subfield>
  </datafield>
  <datafield tag="245" ind1="0" ind2="3">
   <subfield code="a">An analysis of BMPM photojournalism and its impact to Negros Traditional Journalists</subfield>
   <subfield code="c">Liezal Margie Lou S. Bastian, Jodhie Mae A. Cabarles and Arnielyn Joanne L. Idorot.</subfield>
  </datafield>
  <datafield tag="264" ind1=" " ind2="1">
   <subfield code="a">2014.</subfield>
  </datafield>
  <datafield tag="300" ind1=" " ind2=" ">
   <subfield code="a">viii, 87 leaves</subfield>
   <subfield code="b">computer print-out, illustration, photographs</subfield>
  </datafield>
  <datafield tag="500" ind1=" " ind2=" ">
   <subfield code="a">Thesis -- Bachelor of Arts in Communication and Media Studies. University of the Philippines Visayas, Miagao, Iloilo.</subfield>
  </datafield>
  <datafield tag="520" ind1=" " ind2=" ">
   <subfield code="a">This research is geared towards identifying the visual elements that make BMPM photojournalism as either a catalyst or a threat according to Negros traditional journalists, specifically in determining if the values required for traditional media to become newsworthy be likewise applied to Bayan Mo I-Patrol Mo (BMPM)?s photojournalism when comparatively analyzed. It assesses if Negros traditional journalists are in approval or disapproval of BMPM as a citizen journalism platform especially during typhoon Yolanda. This study is carried in order to further understand BMPM?s implications, as a social-media based citizen journalism platform, to the society. A content analysis wherein Typhoon Yolanda-related BMPM photos submitted form November 8 up to December 8 are analyzed and a survey answered by Negros Press Club members selected through Systematic Random Sampling were conducted. Content analysis results showed that catalyst visual elements prevail more than its threat counterpart, signifying that traditional news values are dominantly applied in BMPM photos. On the other hand, survey results have shown that Negros traditional journalists viewed that BMPM photojournalism contains visual elements of threat. Furthermore, they disapproved BMPM as a citizen journalism platform because it can reduce the quality of journalism disseminated to the public due to the uncertainty of Bayan Patroller?s lack of formal background in journalism.</subfield>
  </datafield>
  <datafield tag="650" ind1="1" ind2="0">
   <subfield code="a">BMPM Photojournalism.</subfield>
  </datafield>
  <datafield tag="650" ind1=" " ind2="0">
   <subfield code="a">Citizen Journalism Platform.</subfield>
  </datafield>
  <datafield tag="650" ind1=" " ind2="0">
   <subfield code="a">Negros Traditional Journalists.</subfield>
  </datafield>
  <datafield tag="700" ind1="0" ind2=" ">
   <subfield code="a">Carles, Jodhie Margie Lou S.</subfield>
  </datafield>
  <datafield tag="700" ind1="0" ind2=" ">
   <subfield code="a">Idorot, Aernielyn Joanne L.</subfield>
  </datafield>
  <datafield tag="720" ind1=" " ind2=" ">
   <subfield code="a">Guillergan-Schott, May Belle L.</subfield>
   <subfield code="e">Adviser.</subfield>
  </datafield>
  <datafield tag="852" ind1="0" ind2=" ">
   <subfield code="a">UPVIS</subfield>
   <subfield code="b">UPV-ML</subfield>
   <subfield code="h">LG 993.5 2014 C6 B37</subfield>
  </datafield>
  <datafield tag="942" ind1=" " ind2=" ">
   <subfield code="a">Thesis</subfield>
  </datafield>
 </record>
</collection>
